000
00291nam a22001217a 4500
008
180512b xxu||||| |||| 00| 0 eng d
041
_a
eng
080
_a
043.3
100
_a
0
101
_a
SHKI-MA
245
_a
Protokolet e Rutimit ne Rrjetat e AD-HOC Wireless
_c
Jaha, B
942
_2
udc
_c
BK
999
_c
45722
_d
45722